000 00417nam a2200157Ia 4500
003 GCL
008 140319s9999 xx 000 0 eng d
040 _aGCL /
_cGCL
082 0 4 _aCH
_b028.5
_bB D
100 1 _aBILSTEIN, JACQUES THOMAS VALERIANE
245 1 0 _aDANS LES PAYS /
_cBILSTEIN, JACQUES THOMAS VALERIANE
260 _a[S.N] :
_bHEMMA
650 0 4 _aREADING
650 0 4 _aFRENCH LITERATURE
942 _2ddc
_cBK
999 _c14534
_d14534